000 00219nam a2200085Ia 4500
245 0 _aOld city hall
100 _a ROTENBERG, Robert London, 2009
_981753
942 _cBK
008 210817s9999 xx 000 0 und d
999 _c292770
_d292769